000 00448cam a22001337a 4500
008 180718b1961 xxu||||| |||| 00| 0 eng d
082 _aDx47 K124
100 _aKalb, Marvin L.
245 _aDragon in the Kremlin: a report on the Russian-Chinese alliance
_cby Marvin L. Kalb
260 _aLondon
_bVictor Gollancz
_c1961
300 _a258p.
650 _aChina --Foreign relations --Soviet Union
650 _aSoviet Union --Foreign relations --China
999 _c371053
_d371053